Loading...
History - World History | 1 | 5 | 1 | 3 | 60 | 70 | 107.83 | 0 | 2 |
Literature - World Lit | 0 | 5 | 0 | 0 | 50 | 67 | 87.20 | 1 | 2 |
History - American History | 2 | 2 | 0 | 0 | 50 | 59 | 79.00 | 0 | 1 |
History - Euro History | 0 | 5 | 1 | 0 | 45 | 74 | 88.40 | 0 | 3 |
Other - Other Academic | 1 | 3 | 0 | 0 | 45 | 72 | 98.00 | 1 | 1 |
Literature - British Lit | 0 | 4 | 0 | 0 | 40 | 102 | 112.50 | 0 | 1 |
Literature - Euro Lit | 1 | 2 | 0 | 0 | 35 | 48 | 75.67 | 0 | 3 |
Beliefs - Mythology | 1 | 2 | 1 | 0 | 30 | 61 | 87.33 | 1 | 2 |
Thought - Philosophy | 0 | 3 | 0 | 0 | 30 | 96 | 98.67 | 0 | 1 |
Beliefs - Religion | 1 | 1 | 0 | 0 | 25 | 52 | 71.00 | 1 | 2 |
Science - Physics | 0 | 2 | 0 | 0 | 20 | 108 | 115.00 | 0 | 1 |
Science - Other Science | 0 | 2 | 0 | 1 | 20 | 78 | 105.00 | 0 | 1 |
History - Other History | 0 | 3 | 2 | 0 | 20 | 79 | 94.67 | 0 | 2 |
Thought - Social Science | 0 | 2 | 1 | 0 | 15 | 77 | 88.50 | 0 | 0 |
Arts - Painting | 0 | 2 | 1 | 0 | 15 | 100 | 101.50 | 0 | 1 |
Science - Engineering | 1 | 0 | 0 | 0 | 15 | 66 | 66.00 | 0 | 1 |
Arts - Other Arts | 0 | 1 | 0 | 0 | 10 | 113 | 113.00 | 0 | 1 |
Literature - American Lit | 0 | 1 | 0 | 0 | 10 | 126 | 126.00 | 0 | 1 |
Other - Geo/CE | 0 | 1 | 1 | 0 | 5 | 93 | 93.00 | 0 | 1 |
Science - Biology | 0 | 1 | 1 | 0 | 5 | 112 | 112.00 | 0 | 0 |
Other - Pop Culture | 0 | 1 | 2 | 0 | 0 | 102 | 102.00 | 0 | 1 |
Science - Chemistry | 0 | 0 | 1 | 0 | -5 | 0.00 | 0 | 0 |